Gaming Quiz

Random Gaming or Mario Quiz

Click a level: Super Mario World Quiz Stats

 Plays Quiz not verified by Sporcle

Score 0/12 Timer 01:00
0 Plays Today
% Correct
Soda Lake
74.9%
Forest of Illusion 1
69.5%
Outrageous
67.3%
Star World 3
56.9%
Valley Ghost House
51.4%
Yoshi's Island 1
50.6%
Butter Bridge 2
39.1%
Chocolate Island 4
37.5%
Awesome
36.7%
Funky
36%
Donut Plains 2
27.5%
Vanilla Secret 1
24.7%

You're not logged in!

Compare scores with friends on all Sporcle quizzes.
OR
Log In

You Might Also Like...

Show Comments

Extras

Top Quizzes Today


Score Distribution

Your Account Isn't Verified!

In order to create a playlist on Sporcle, you need to verify the email address you used during registration. Go to your Sporcle Settings to finish the process.

Report this User

Report this user for behavior that violates our Community Guidelines.

Details: